Normal view
MARC view
- الخزاعله، ياسر طالب راجي
Entry Personal Name
001 - CONTROL NUMBER
- control field: 60916
003 - CONTROL NUMBER IDENTIFIER
- control field: JO-AjAnu
005 - DATE AND TIME OF LATEST TRANSACTION
- control field: 20230606083945.0
008 - FIXED-LENGTH DATA ELEMENTS
- fixed length control field: 230606|| aca||aabn | a|a d
040 ## - CATALOGING SOURCE
- Original cataloging agency: JO-AjAnu
- Transcribing agency: JO-AjAnu
100 ## - HEADING--PERSONAL NAME
- Personal name: الخزاعله، ياسر طالب راجي
670 ## - SOURCE DATA FOUND
- Source citation: Work cat.: (JO-AjAnu)31072: الخزاعله، ياسر طالب راجي, author, الدولة الفاطمية في المغرب 296-365هـ/909-975م